La proximidad, ¿nuevo valor urbano?

Detalles Bibliográficos
Autor Corporativo: Universidad de Valladolid. Instituto Universitaroi Urbanística
Otros Autores: Alvarez Mora, Alfonso (Director), Miralles-Guasch, carme (Coord.), Santos y Ganges, Luis 1962-
Formato: Libro
Lenguaje:Espa�ol
Publicado: Valladolid (España): Instituto Universitario de Urbanística, 2014.
Colección:Ciudades : Revista del Instituto Universitario Urbanística de la Universidad de Valladolid v. 17
Etiquetas: Agregar Etiqueta
Sin Etiquetas, Sea el primero en etiquetar este registro!

MARC

LEADER 00000nam a22000007a 4500
003 AR-RoUNA
005 20250529191743.0
008 241111b |||||||| |||| 00| 0 spa d
020 |a 9771133657003 
022 |a 1133-6579 
040 |a AR-RoUNA  |d AR-RoUNA 
044 |a ag 
110 2 |a Universidad de Valladolid.  |b Instituto Universitaroi Urbanística.  |9 26777 
245 |a La proximidad, ¿nuevo valor urbano?   |c  / director Alfonso, Alvarez Mora; coordinadora Carme Miralles-Guasch y Luis Santos y Ganges. 
260 |a Valladolid (España):  |b Instituto Universitario de Urbanística,  |c 2014. 
300 |a 242 p.:  |b mapas  |b Cuadros estadísticos  |b Cuadros  |c 24x17 cm. 
490 |a Ciudades : Revista del Instituto Universitario Urbanística de la Universidad de Valladolid  |v v. 17  |x 1133-6579 
505 0 |t INDICE 
505 0 |t EDITORIAL 
505 0 |t DOSSIER MONOGRAFICO 
505 0 |a Sonia Lavadinho / Dinámicas de proximidad en la ciudad: ideas para la transformación urbana. p. 21-49 
505 0 |a Juan Eduardo Chica Mejía y Carlos Marmolejo Duarte / El valor de las ciudades como espacios de concentración de la nueva economía basada en el conocimiento: un análisis para la región metropolitana de Barcelona. p. 41-63 
505 0 |a Jorge Cerda Troncoso / El uso del tiempo en espacios próximos. Una caracterización de la ciudad de Barcelona (2006). p. 65-97 
505 0 |a Oriol Marquet Sardá y Carme Miralles-Guasch / La proximidad en Barcelona. Un análisis desde los tiempos de desplazamiento cotidianos. p. 99-120 
505 0 |a Carlos Jimenez-Romera y Carlos Alberto Torres-Tovar / proximidad obligada y densificación no planificada en Bogotá. p. 121-138 
505 0 |t MISCELANEA 
505 0 |a Antonia Sáez Cala / clase creativa y factores de ubicación: la capitales autonómicas españolas. p. 141-158 
505 0 |a Marta Lora-Tamayo Vallvé y Amaya Casado Echarren / Los conflictos competenciales entre administraciones públicas en materia de planeamiento urbanístico. El caso de Madrid capital. p. 159-174 
505 0 |a Borja Ruiz-Apilánez y José María de Ureña / transformación y activación social de la calle: el eco-bulevar de Vallecas (Madrid). p. 175-199 
505 0 |a Noel Antonio Manzano Gómez / Espacio público en una periferia de París: Vitry-sur-Seine. p. 201-218 
505 0 |t SECCION FINAL 
505 0 |t De notas, reseña y referencias sobre urbanismo 
505 0 |a Víctor Pérez-Eguíluz / El patrimonio urbano y la planificación. Interpretación de los conjuntos históricos de Castilla y León y sus instrumentos urbanísticos. p. 221-242 
700 1 |a Alvarez Mora, Alfonso  |e drt  |9 26778 
700 1 |a Miralles-Guasch, carme  |e Coord.  |9 26779 
700 |9 26776  |a Santos y Ganges, Luis  |d 1962- 
908 |a Imp 
942 |2 udc  |c LIB 
945 |d 2024-11-11 
980 |6 5  |a María Machado  |8 1  |g Maricel Allasia 
999 |c 11686  |d 11686